000 00611nam a2200169Ia 4500
005 20250508160023.0
008 008 250505s9999 xx 000 0 eng d
037 _aBooks to be hide in OPAC
040 _aFEDL
_beng
_cFEDL
041 _aeng
_2eng
084 _a370, ENG/O
_qFEDL
245 0 _aSystem of education of the jewish community in palestine: Report of the commission of enquiry appointed by the secretary of state for the colonies in 1945
260 _aLondon, UK
_bHis Majesty's Stationery Office
_c1946
300 _avi,119p.
942 _cHB
_h370, ENG/O
999 _c1361112
_d1361112